Normal view MARC view

Entry Topical Term

Number of records used in: 1

001 - CONTROL NUMBER

  • control field: 30707

003 - CONTROL NUMBER IDENTIFIER

  • control field: dpl

005 - DATE AND TIME OF LATEST TRANSACTION

  • control field: 20110801172234.0

008 - FIXED-LENGTH DATA ELEMENTS

  • fixed length control field: 110801|||a|||||| | ||| d

040 ## - CATALOGING SOURCE

  • Original cataloging agency: dpl
  • Transcribing agency: dpl

150 ## - HEADING--TOPICAL TERM

  • Topical term or geographic name as entry element: Communalism
  • Geographic subdivision: India
  • Geographic subdivision: Vārānasi (Uttar Pradesh)

670 ## - SOURCE DATA FOUND

  • Source citation: Work cat.: (dpl)0: Raman, Vasanthi. 30704, The warp and the weft :, 2010.

670 ## - SOURCE DATA FOUND

  • Source citation: Work cat.: (dpl)0: Raman, Vasanthi. 30704, The warp and the weft :, 2010.

© Delhi Public Library
Hit Counter
free hit counter